[Event "FRA-ch qual"]
[Site "Bescanon"]
[Date "1999.08.18"]
[Round "1"]
[White "Theon, Pierre"]
[Black "Roser, Kevin"]
[Result "0-1"]
[WhiteElo "2172"]
[BlackElo "2316"]

1.d4 Nf6 2.Nc3 d6 3.e4 c6 4.f4 Qa5 5.Bd3 e5 6.Nf3 Bg4 7.Be3 Nbd7 8.Qd2 Be7
9.O-O Qc7 10.Ng5 h6 11.Nxf7 Kxf7 12.h3 Bh5 13.g4 Bg6 14.dxe5 dxe5 15.g5 hxg5
16.fxg5 Ke8 17.gxf6 gxf6 18.Rad1 Bf7 19.Be2 Rxh3 20.Kg2 Be6 21.Rh1 Rxh1 22.Rxh1 Qd6
23.Rh8+ Nf8 24.Bh5+ Kd7 25.Qe2 Kc7 26.Bg4 Rd8 27.Bxe6 Nxe6 28.Rh7 Kb8 29.Qf2 Nd4
30.Na4 Qe6 31.Rg7 Rg8 32.Rxg8+ Qxg8+ 33.Kh3 Qh7+  0-1

[Event "FRA-ch qual"]
[Site "Bescanon"]
[Date "1999.08.19"]
[Round "2"]
[White "Bouchet, Nicolas"]
[Black "Toulzac, Pierre Yves"]
[Result "1/2-1/2"]
[WhiteElo "2133"]
[BlackElo "2265"]

1.e4 d6 2.d4 Nf6 3.Nc3 c6 4.Bg5 Qa5 5.Qd2 b5 6.Bd3 b4 7.Nce2 Nbd7 8.c3 bxc3
9.Nxc3 Rb8 10.Nge2 g6 11.O-O Bg7 12.a3 O-O 13.b4 Qd8 14.f3 Re8 15.Rac1 c5
16.bxc5 dxc5 17.Rb1 cxd4 18.Nxd4 Ne5 19.Be2 Bb7 20.Rb5 Nc6 21.Nxc6 Bxc6 22.Rxb8 Qxb8
23.Rb1 Qe5 24.Nb5 Bxe4 25.Bf4 Qc5+ 26.Be3 Qc2 27.Qxc2 Bxc2  1/2-1/2

[Event "FRA-ch (Women)"]
[Site "Bescanon"]
[Date "1999.08.20"]
[Round "3"]
[White "Muller, Anne"]
[Black "Franc, Nathalie"]
[Result "1/2-1/2"]
[WhiteElo "2115"]
[BlackElo "2085"]

1.e4 d6 2.d4 Nf6 3.Nc3 Nbd7 4.Nf3 e6 5.Bc4 Be7 6.O-O O-O 7.Re1 c6 8.a4 b6
9.b3 Bb7 10.Bf1 a6 11.Bb2 Re8 12.g3 b5 13.Bg2 Bf8 14.axb5 axb5  1/2-1/2

[Event "FRA-ch qual"]
[Site "Bescanon"]
[Date "1999.08.21"]
[Round "4"]
[White "Roger, Mehdi"]
[Black "Toulzac, Pierre Yves"]
[Result "1/2-1/2"]
[WhiteElo "2180"]
[BlackElo "2265"]

1.e4 d6 2.d4 Nf6 3.Nc3 c6 4.f4 Qa5 5.Bd3 e5 6.Nf3 Bg4 7.Be3 Nbd7 8.O-O Be7
9.h3 Bh5 10.g4 exf4 11.Bxf4 Bg6 12.e5 dxe5 13.dxe5 Nd5 14.Nxd5 Qxd5 15.Bxg6 Qc5+
16.Qd4 hxg6 17.Qxc5 Nxc5 18.Kg2 Ne6 19.Be3 O-O-O 20.Rad1 b6 21.b3 Ba3 22.Nd4 Nxd4
23.Rxd4 Rxd4 24.Bxd4 Rd8 25.Bc3 Rd7 26.Kf3 Be7 27.Ke4 Bg5 28.a4 Kd8 29.Rf3 Ke7
30.Rd3 Bh4 31.Rxd7+ Kxd7 32.Bb2 Ke6 33.Bd4  1/2-1/2

[Event "BIH-chT"]
[Site "Bihac"]
[Date "1999.08.21"]
[Round "1"]
[White "Rasic, Damir"]
[Black "Saric, Ibro"]
[Result "1-0"]
[WhiteElo "2191"]
[BlackElo "2270"]

1.e4 d6 2.d4 Nf6 3.Nc3 c6 4.a4 Qa5 5.Bd2 Qb6 6.Nf3 a5 7.h3 d5 8.exd5 cxd5
9.Bd3 e6 10.O-O Be7 11.Nb5 Na6 12.Bf4 Bd7 13.c3 O-O 14.Ne5 Bc6 15.Re1 Rac8
16.Qe2 Be8 17.Ng4 Ne4 18.Be5 f6 19.Bh2 Bf7 20.Ne3 Nd6 21.Nxd5 exd5 22.Qxe7 Nc4
23.Bxc4 dxc4 24.Nd6 Rc7 25.Qe2 Bd5 26.Nf5 Rd7 27.Ne7+ Rxe7 28.Qxe7 Qxb2 29.Bd6 Ra8
30.Qd7 h6 31.Ba3  1-0

[Event "FRA-ch 2nd stage"]
[Site "Bescanon"]
[Date "1999.08.24"]
[Round "1.3"]
[White "Vaisser, Anatoli"]
[Black "Degraeve, Jean Marc"]
[Result "1-0"]
[WhiteElo "2564"]
[BlackElo "2542"]

1.d4 d6 2.e4 Nf6 3.Nc3 Nbd7 4.Nf3 e5 5.a4 Be7 6.Bc4 O-O 7.O-O c6 8.Re1 b6
9.d5 cxd5 10.Nxd5 Bb7 11.b3 Rc8 12.Re2 Nxd5 13.Bxd5 Bxd5 14.Qxd5 Nf6 15.Qd2 Qc7
16.c4 a6 17.Ba3 Rfd8 18.h3 Qb7 19.Rae1 Bf8 20.Bb2 b5 21.cxb5 axb5 22.a5 d5
23.Nxe5 Nxe4 24.Qf4 Ra8 25.Ng4 Ra6 26.Rd1 Re6 27.Rxe4 Rxe4 28.Nf6+  1-0

[Event "Polanica Zdroj op"]
[Site "Polanica Zdroj"]
[Date "1999.08.24"]
[Round "8"]
[White "Vokarev, Sergey"]
[Black "Lobejko, Rafal"]
[Result "1-0"]
[WhiteElo "2469"]
[BlackElo "2374"]

1.e4 d6 2.d4 Nf6 3.Nc3 c6 4.g3 g6 5.Bg2 Bg7 6.Nge2 O-O 7.a4 e5 8.O-O Be6
9.h3 Bc4 10.Re1 Nbd7 11.Be3 Re8 12.d5 Nf8 13.a5 c5 14.Qd2 N6d7 15.g4 Bf6
16.Ng3 Bh4 17.Kh2 f6 18.Bf1 Bxf1 19.Rxf1 Qe7 20.Nb5 Nb8 21.b4 Qd7 22.c4 Na6
23.bxc5 Nxc5 24.Bxc5 dxc5 25.Rfd1 Bg5 26.Qd3 Red8 27.Qa3 Rdc8 28.Rab1 Kh8
29.Nc3 Rc7 30.Nb5 Rcc8 31.Nc3 Rc7 32.Rb5 h5 33.gxh5 gxh5 34.Nf5 Bf4+ 35.Kh1 Ng6
36.Rxc5 Rac8 37.Rxc7 Rxc7 38.Rg1 Bg5 39.h4 Nxh4 40.Qf8+ Kh7 41.Rxg5 fxg5
42.Qh6+ Kg8 43.Qxg5+ Kf8 44.Nxh4 Rxc4 45.Qf6+  1-0

[Event "ESP-ch"]
[Site "Palencia"]
[Date "1999.08.25"]
[Round "7"]
[White "Enjuto Velasco, Roberto"]
[Black "Rojas Sola, Pedro"]
[Result "0-1"]
[WhiteElo "2117"]
[BlackElo "2234"]

1.e4 d6 2.d4 Nf6 3.Nc3 e5 4.dxe5 dxe5 5.Qxd8+ Kxd8 6.Bg5 h6 7.O-O-O+ Bd6
8.Bh4 Nd7 9.Nf3 Re8 10.Nd2 g5 11.Bg3 Bb4 12.f3 Bxc3 13.bxc3 Nh5 14.Nc4 Nxg3
15.hxg3 Re6 16.Ne3 a5 17.Nf5 Rf6 18.Nxh6 Ke8 19.Ng4 Rd6 20.Rxd6 cxd6 21.Ne3 Nb6
22.Nc4 Nxc4 23.Bxc4 Ke7 24.Rh8 b6 25.Bd5 Rb8 26.a4 Kf6 27.g4 Ke7 28.Kd2 Kd7
29.Rf8 Ke7 30.Rxf7+ Kd8 31.Rf8+ Kc7 32.Rg8 Bd7 33.Rg7 Kd8 34.Bb3 b5 35.axb5 Bxb5
36.Rxg5 a4 37.Rg8+ Kc7 38.Rxb8 Kxb8 39.Ba2 Kc7 40.g5 Be8 41.g3 Kd8 42.f4 Ke7
43.f5 Kf8 44.g4 Bc6 45.Ke3 Kg7 46.g6 a3 47.g5 Be8 48.Kd2 Bc6 49.Ke3 Be8 50.Kf3 Bc6
51.Bb3 Ba4 52.Bf7 Kf8 53.Bd5 Bd7 54.Ke2 Bc6 55.Bxc6 a2 56.Be8  0-1

[Event "BIH-chT"]
[Site "Bihac"]
[Date "1999.08.27"]
[Round "7"]
[White "Avdic, Adnan"]
[Black "Burovic, Ismet"]
[Result "0-1"]
[WhiteElo "2120"]
[BlackElo "2361"]

1.e4 d6 2.d4 Nf6 3.Nc3 c6 4.f3 Nbd7 5.a4 e5 6.Be3 Be7 7.Bd3 exd4 8.Bxd4 O-O
9.Nge2 Ne5 10.O-O Nfd7 11.f4 Nxd3 12.cxd3 d5 13.Ng3 Bc5 14.Bxc5 Nxc5 15.e5 f5
16.b4 Ne6 17.Kh1 a5 18.bxa5 d4 19.Nce2 Nc5 20.Qc2 Rxa5 21.Qc4+ Be6 22.Qxd4 Nb3
23.Qxd8 Rxd8 24.Ra3 Rxd3 25.Rb1 g6 26.Rba1 c5 27.Kg1 c4 28.R1a2 c3 29.Rc2 b5  0-1

[Event "BIH-chT"]
[Site "Bihac"]
[Date "1999.08.28"]
[Round "8"]
[White "Fercec, Nenad"]
[Black "Runic, Zoran"]
[Result "0-1"]
[WhiteElo "2476"]
[BlackElo "2426"]

1.e4 d6 2.d4 Nf6 3.Nc3 Nbd7 4.f3 e5 5.Nge2 c6 6.Be3 Be7 7.Qd2 O-O 8.O-O-O b5
9.g4 Qa5 10.Ng3 b4 11.Nf5 Bd8 12.Nb1 d5 13.g5 Nh5 14.Be2 Nf4 15.Bxf4 exf4
16.Qxf4 Qxa2 17.Rhg1 dxe4 18.fxe4 Nb6 19.Nh6+ Kh8 20.d5 gxh6 21.Qe5+ f6 22.Qd6 Re8
23.gxf6 Na4 24.f7 Qxb2+ 25.Kd2 Qd4+ 26.Bd3 Qf2+ 27.Kc1 Qxf7 28.Rdf1 Qe7 29.Qxh6 Bc7
30.e5 Bxe5 31.Qh5 Bf4+ 32.Rxf4 Qe3+ 33.Nd2 Qxg1+  0-1

[Event "Castellaneta op 3rd"]
[Site "Castellaneta"]
[Date "1999.08.29"]
[Round "2"]
[White "Glek, Igor V"]
[Black "De Santis, Alessio"]
[Result "1-0"]
[WhiteElo "2536"]
[BlackElo "2352"]

1.e4 d6 2.d4 Nf6 3.Nc3 c6 4.f4 Qa5 5.Bd3 d5 6.Bd2 Qb6 7.e5 Ne4 8.Bxe4 dxe4
9.Nge2 f5 10.exf6 exf6 11.Nxe4 Qxb2 12.O-O Be7 13.f5 Na6 14.c4 Qb6 15.Kh1 O-O
16.Rb1 Qc7 17.Rb3 Rd8 18.Qe1 Bf8 19.Qh4 Qf7 20.Rh3 h6 21.Rg3 Qxc4 22.Nxf6+ Kf7
23.Re3 gxf6 24.Qh5+ Kg8 25.Qg6+ Bg7 26.Re7  1-0

[Event "Castellaneta op 3rd"]
[Site "Castellaneta"]
[Date "1999.08.29"]
[Round "2"]
[White "Genocchio, Daniele"]
[Black "Gueci, Riccardo"]
[Result "1-0"]
[WhiteElo "2291"]
[BlackElo "2151"]

1.e4 d6 2.d4 Nf6 3.Nc3 Nbd7 4.Nf3 e5 5.Bc4 Be7 6.O-O O-O 7.Bb3 exd4 8.Qxd4 Nc5
9.h3 Nxb3 10.axb3 a6 11.Bf4 Nd7 12.Rad1 Bf6 13.Qd2 Bxc3 14.Qxc3 Qf6 15.Qxf6 gxf6
16.Nd4 Ne5 17.Rfe1 Bd7 18.Re3 Kh8 19.Bg3 Rg8 20.Ne2 Bc6 21.Nd4 Bd7 22.Ne2 Bc6
23.Nf4 Nd7 24.Rde1 Rae8 25.Nd5 Bxd5 26.exd5 Rxe3 27.Rxe3 Ne5 28.f4 Ng6 29.f5 Ne5
30.Bh4 Rg5 31.Bxg5 fxg5 32.Rc3 c5 33.dxc6 bxc6 34.Re3 Kg7 35.Re4 Kf6 36.g4 c5
37.Kf2 Nc6 38.Ke3 Nb4 39.Rxb4 cxb4 40.Kd4 h5 41.gxh5 Kxf5 42.Kd5 Kf6 43.Kxd6 Kg7
44.c4 bxc3 45.bxc3 Kh6 46.c4 f5 47.Ke5 g4 48.hxg4 fxg4 49.Kf4 Kxh5 50.c5  1-0

[Event "Castellaneta op 3rd"]
[Site "Castellaneta"]
[Date "1999.08.30"]
[Round "4"]
[White "Iordachescu, Viorel"]
[Black "De Santis, Alessio"]
[Result "1-0"]
[WhiteElo "2553"]
[BlackElo "2352"]

1.e4 d6 2.d4 Nf6 3.Nc3 c6 4.a4 g6 5.Nf3 Bg7 6.Be2 O-O 7.O-O a5 8.Be3 Na6
9.Nd2 d5 10.exd5 Nxd5 11.Nxd5 cxd5 12.c3 Bd7 13.Re1 e6 14.Nf3 Nc7 15.Bg5 Qc8
16.Bf4 Na6 17.h4 Nb8 18.h5 Bc6 19.Bd3 Nd7 20.hxg6 hxg6 21.Ng5 Re8 22.Qf3 Nf8
23.Bd6 Qd7 24.Bxf8 Bxf8 25.Qh3 Bg7 26.Re3 Bf6 27.Qh7+ Kf8 28.Qh6+ Bg7 29.Qh4 Re7
30.Rae1 Qd8 31.Rf3 Ke8 32.Qh7  1-0

[Event "Castellaneta op 3rd"]
[Site "Castellaneta"]
[Date "1999.08.31"]
[Round "6"]
[White "Pizzuto, Samuele"]
[Black "De Santis, Alessio"]
[Result "0-1"]
[WhiteElo "2133"]
[BlackElo "2352"]

1.e4 d6 2.d4 Nf6 3.Nc3 c6 4.Bc4 d5 5.Bd3 dxe4 6.Nxe4 Qxd4 7.Nf3 Qd8 8.Qe2 Nxe4
9.Bxe4 g6 10.h4 Bg7 11.h5 Nd7 12.h6 Bf6 13.g4 O-O 14.g5 Bh8 15.c3 Nc5 16.Bc2 Bg4
17.Rg1 Bxf3 18.Qxf3 e5 19.Qe3 Qb6 20.Rg4 Ne6 21.Rb4 Qc7 22.Qg3 c5 23.Rh4 b5
24.Qh3 Rfe8 25.Bd2 a5 26.Kf1 Rad8 27.Be3 Rd6 28.Re1 Qd8 29.Qg2 Qd7 30.f4 exf4
31.Bxf4 Nxf4 32.Rxe8+ Qxe8 33.Rxf4 f5 34.gxf6 Bxf6 35.a4 c4 36.Qf3 Bg5 37.Re4 Qd8
38.Qe2 Qf6+ 39.Kg1 Bxh6 40.axb5 Qg5+ 41.Qg4 Qc1+ 42.Kg2 Qxc2+ 43.Re2 Qxe2+
44.Qxe2 Rd2 45.Qxd2 Bxd2 46.Kf3 Bg5 47.b6 Bd8 48.b7 Bc7  0-1

[Event "Glifada op 1st"]
[Site "Athens"]
[Date "1999.09.03"]
[Round "4"]
[White "Balaskas, Panayotis"]
[Black "Efthimiou, Efthimios"]
[Result "0-1"]
[WhiteElo "2219"]
[BlackElo "2103"]

1.e4 d6 2.d4 Nf6 3.Nc3 c6 4.Be2 Qa5 5.Qd3 e5 6.Nf3 Be7 7.a3 Bg4 8.h3 Bh5
9.Bd2 Qc7 10.O-O-O Nbd7 11.g4 Bg6 12.dxe5 dxe5 13.Be3 Nc5 14.Bxc5 Bxc5 15.Qc4 Qe7
16.g5 Nh5 17.Rh2 O-O 18.h4 b5 19.Qb3 a5 20.a4 Nf4 21.axb5 a4 22.Qc4 a3 23.bxa3 Rxa3
24.Ng1 Ra1+ 25.Kd2 Rxd1+ 26.Bxd1 Rd8+ 27.Ke1 Qd6 28.Nf3 Bh5 29.bxc6 Bxf3
30.Nd5 Qxc6 31.Kf1 Bxd1 32.Ne7+ Bxe7 33.Qxc6 Be2+  0-1

[Event "Coulsden op"]
[Site "Coulsden"]
[Date "1999.09.03"]
[Round "6"]
[White "Cherniaev, Alexander"]
[Black "Summerscale, Aaron"]
[Result "1-0"]
[WhiteElo "2432"]
[BlackElo "2423"]

1.e4 d6 2.d4 Nf6 3.Nc3 c6 4.f4 Qa5 5.e5 Ne4 6.Bd3 Nxc3 7.Qd2 dxe5 8.fxe5 c5
9.Qxc3 Qxc3+ 10.bxc3 Nc6 11.Be3 f6 12.exf6 exf6 13.Nf3 cxd4 14.cxd4 Nb4 15.Bb5+ Bd7
16.Bxd7+ Kxd7 17.Kd2 Rc8 18.Rhc1 Rc4 19.c3 Nd5 20.Kd3 Ba3 21.Kxc4 Nxe3+ 22.Kb3 Bxc1
23.Rxc1 Re8 24.Rg1 Re6 25.c4 g6 26.Kb4 Re4 27.g3 Nf5 28.Rg2 Re3 29.Rf2 b6
30.g4 a5+ 31.Ka4 Nd6 32.Nd2 Rd3 33.Nb3 Nxc4 34.Kb5 Rc3 35.Rxf6 Ke7 36.Rc6 Nd6+
37.Kxb6  1-0

[Event "POR-ch"]
[Site "Lisbon"]
[Date "1999.09.05"]
[Round "10"]
[White "Rocha, Sergio"]
[Black "Ribeiro, F."]
[Result "1/2-1/2"]
[WhiteElo "2427"]
[BlackElo "2217"]

1.e4 d6 2.d4 Nf6 3.Nc3 c6 4.f4 Qa5 5.Bd2 e5 6.Nf3 Bg4 7.Nd5 Qd8 8.Nxf6+ Qxf6
9.dxe5 dxe5 10.fxe5 Qg6 11.Bd3 Nd7 12.Bc3 O-O-O 13.Qe2 Bc5 14.b4 Bb6 15.a4 Rhe8
16.a5 Bc7 17.b5 Bxf3 18.Qxf3 Bxe5 19.Bxe5 Nxe5 20.Qh3+ Qe6 21.Qe3 Qf6 22.Ra2 Kb8
23.bxc6 Nxc6 24.Ra4 Qc3+ 25.Qd2 Qxd2+ 26.Kxd2 a6 27.Rf1 f6 28.Rf5 Re5 29.Rxe5 Nxe5
30.Ke3 Kc7 31.Bc4 Rd1 32.Bd5 Rb1 33.h3 Rb2 34.Bb3 Rb1 35.Bd5 Rb5 36.Ra1 Nc6
37.Bxc6 Kxc6 38.g4 h5 39.Kf4 Rc5 40.gxh5 Rxh5 41.Rg1 g5+ 42.Kf5 g4+ 43.Kg6 Rxh3
44.Kxf6 Rf3+ 45.Ke7 g3 46.e5 Kc7 47.e6 Re3 48.Kf7 Rf3+ 49.Ke8 Re3 50.e7 Rf3
51.Rg2 Kc8 52.Rd2 Rf2 53.Rd3 g2 54.Rc3+ Kb8 55.Kd7 Rd2+ 56.Rd3 Rxd3+ 57.cxd3 g1=Q
58.e8=Q+ Ka7 59.Qe5 Qf2 60.d4 Qf7+ 61.Kd6 Qf8+ 62.Kd5 Qc8 63.Ke4 Qc2+ 64.Kf4 Qf2+
65.Kg5 Qg2+ 66.Kf6 Qc6+ 67.Ke7 b5 68.axb6+ Kxb6 69.d5 Qb7+ 70.Kf6 Qd7 71.Qe6+ Kc7
72.Qe7 Kc8 73.Qc5+ Kb7 74.d6 Qd8+ 75.Kf5 Qc8+ 76.Qxc8+ Kxc8 77.Ke5 Kd7 78.Kd5 a5
79.Kc5 a4 80.Kb4 Kxd6 81.Kxa4  1/2-1/2

[Event "EU-ch U14"]
[Site "Litohoto"]
[Date "1999.09.05"]
[Round "3"]
[White "Erwich, Marc"]
[Black "Llobell Cortell, Enrique"]
[Result "1/2-1/2"]
[WhiteElo "2059"]
[BlackElo "2198"]

1.e4 d6 2.d4 Nf6 3.Nc3 c6 4.Nf3 Bg4 5.Be2 e6 6.O-O d5 7.Bg5 Be7 8.exd5 Bxf3
9.Bxf3 cxd5 10.Ne2 Nc6 11.c4 dxc4 12.Bxc6+ bxc6 13.Qa4 Qb6 14.Qxc4 O-O 15.b3 Rfd8
16.Rac1 Rac8 17.Rfd1 Qa5 18.Bf4 Nd7 19.Qc2 Bf6 20.Nc3 Nb6 21.Ne4 Nd5 22.Bd6 Be7
23.Qc5 Qxc5 24.dxc5 Bf6 25.Rc4 Rd7 26.h3 Rb7 27.Bg3 Ra8 28.Ra4 a5 29.Nxf6+ gxf6
30.Rg4+ Kh8 31.Rd2 Rb4 32.Rc4 Ra7 33.f3 Kg7 34.Be1 Rxc4 35.bxc4 Ne3 36.Rd4 e5
37.Re4 Nf5 38.f4 Nd4 39.fxe5 fxe5 40.Rxe5 Ne6 41.Bc3 Kf8 42.a4 Rb7 43.Bxa5 Ra7
44.Bb6 Rxa4 45.Re4 Ra2 46.Rh4 Kg7  1/2-1/2

[Event "EU-ch U18 Girls"]
[Site "Litohoto"]
[Date "1999.09.06"]
[Round "4"]
[White "Pila Diez, Gloria"]
[Black "Gasparian, Marinna"]
[Result "1-0"]
[WhiteElo "2102"]
[BlackElo "2075"]

1.e4 d6 2.d4 Nf6 3.Nc3 Nbd7 4.g4 e5 5.g5 exd4 6.Qxd4 Ng4 7.f3 Nge5 8.Be3 h6
9.h4 hxg5 10.Bxg5 Be7 11.Bxe7 Qxe7 12.Nd5 Qd8 13.f4 c6 14.O-O-O Ng6 15.Ne3 Rxh4
16.Nh3 Nxf4 17.Nf5 Rxh3 18.Rxh3 Nxh3 19.Nxd6+ Kf8 20.Bxh3 Qg5+ 21.Kb1 Qg3  1-0

[Event "Budapest FS09 IM-A"]
[Site "Budapest"]
[Date "1999.09.07"]
[Round "4"]
[White "Skytte, Rasmus"]
[Black "Johnsen, Sverre"]
[Result "1-0"]
[WhiteElo "2338"]
[BlackElo "2211"]

1.e4 d6 2.d4 Nf6 3.Nc3 Nbd7 4.f4 e5 5.Nf3 exd4 6.Qxd4 c6 7.Bd3 d5 8.e5 Bc5
9.Qa4 Ng4 10.Nd1 b5 11.Qb3 Qb6 12.Ke2 O-O 13.h3 Nf2 14.Nxf2 Bxf2 15.Rf1 Nc5
16.Qc3 d4 17.Qd2 Be3 18.Qe1 Nxd3 19.cxd3 c5 20.Bxe3 dxe3 21.Qc1 c4 22.Qxe3 cxd3+
23.Kf2 Qg6 24.Rfd1 Rd8 25.Rac1 b4 26.Rc4 a5 27.g4 Ba6 28.f5 Qh6 29.Qxh6 gxh6
30.Rc6 Bb7 31.Rd6 Rxd6 32.exd6 Ba6 33.Nd2 Kf8 34.Ne4 Bb5 35.Rc1 Ke8 36.Ke3 Kd8
37.Rc5 Rb8 38.Nf6 Rb6 39.Nd5 Rb7 40.Nc7 Bd7 41.Rxa5 Bc6 42.Kxd3 Kd7 43.Kd4 Bg2
44.Ke5 Rb6 45.Ra7 Kd8 46.h4 Bf3 47.g5 hxg5 48.hxg5 Rc6 49.Ra8+ Kd7 50.Ne6 Rb6  1-0

[Event "EU-ch U18 Girls"]
[Site "Litohoto"]
[Date "1999.09.07"]
[Round "5"]
[White "Kosintseva, Nadezhda"]
[Black "Moser, Eva"]
[Result "1-0"]
[WhiteElo "2259"]
[BlackElo "2223"]

1.e4 d6 2.d4 Nf6 3.Nc3 Nbd7 4.Nf3 e5 5.g3 g6 6.Bg2 Bg7 7.O-O O-O 8.a4 Re8
9.Re1 c6 10.Rb1 a5 11.b3 exd4 12.Nxd4 Qb6 13.Nde2 Nc5 14.Be3 Qc7 15.f3 Bd7
16.Qd2 Rad8 17.Rbd1 Bc8 18.Nf4 Ne6 19.Nb1 Nc5 20.Qf2 b6 21.Bd4 Bb7 22.Na3 Ncd7
23.Nc4 c5 24.Ba1 Nb8 25.Ne3 Nbd7 26.Nc4 Nb8 27.Ne3 Nbd7 28.Rd2 Ne5 29.Red1 Ba8
30.g4 g5 31.Ne2 h6 32.Nf5 Bf8 33.h4 d5 34.hxg5 hxg5 35.exd5 Nxd5 36.f4 Nxf4
37.Nxf4 Rxd2 38.Rxd2 gxf4 39.Qh4 Ng6 40.Qh5 Re1+ 41.Bf1 Rxa1 42.Rh2 Bh6 43.Qxh6 Qe5
44.Re2  1-0

[Event "EU-ch U18 Girls"]
[Site "Litohoto"]
[Date "1999.09.09"]
[Round "7"]
[White "Georgieva, Liubka"]
[Black "Moser, Eva"]
[Result "1-0"]
[WhiteElo "2162"]
[BlackElo "2223"]

1.e4 d6 2.d4 Nf6 3.Nc3 Nbd7 4.Be3 e5 5.d5 c6 6.f3 Qa5 7.Qd2 Be7 8.Nge2 cxd5
9.exd5 a6 10.Ng3 g6 11.Bc4 b5 12.Bb3 Bb7 13.O-O-O Rc8 14.f4 Ng4 15.Bg1 Nc5
16.Bxc5 Rxc5 17.h3 exf4 18.Nge4 Ne3 19.Nxc5 dxc5 20.d6 Nxd1 21.Rxd1 Bg5 22.Qe2+ Kd7
23.Qg4+ f5 24.Qxg5 c4 25.Qe7+ Kc6 26.d7 Qc7 27.d8=Q Rxd8 28.Qxd8 cxb3 29.axb3  1-0

[Event "CRO-chT"]
[Site "Pula"]
[Date "1999.09.09"]
[Round "1"]
[White "Videki, Sandor"]
[Black "Mrkonjic, Nenad"]
[Result "1/2-1/2"]
[WhiteElo "2445"]
[BlackElo "2331"]

1.e4 d6 2.d4 Nf6 3.Nc3 c6 4.f4 Qa5 5.e5 Ne4 6.Qf3 d5 7.Bd3 Nxc3 8.Bd2 e6
9.Ne2 Qb6 10.Bxc3 c5 11.dxc5 Bxc5 12.O-O-O Nc6 13.Kb1 g6 14.Nc1 Bd7 15.Nb3 Bb4
16.Be1 Bxe1 17.Rhxe1 O-O-O 18.h4 h5 19.Qe3 Qxe3 20.Rxe3 Rhe8 21.Be2 Re7 22.a3 Be8
23.g4 hxg4 24.Bxg4 Bd7 25.Rh1 Rf8 26.Nc5 b6 27.Nd3 Kd8 28.b3 Nd4 29.a4 Rh8
30.Kb2 Ree8 31.Reh3 Ke7 32.Rd1  1/2-1/2

[Event "POR-ch"]
[Site "Lisbon"]
[Date "1999.09.10"]
[Round "3"]
[White "Carvalho, Alda"]
[Black "Rocha, Sergio"]
[Result "1/2-1/2"]
[WhiteElo "2061"]
[BlackElo "2427"]

1.e4 d6 2.d4 Nf6 3.Nc3 Nbd7 4.f4 c6 5.Nf3 Qa5 6.Bd3 e5 7.Qe2 Be7 8.O-O Qb6
9.Kh1 exd4 10.e5 dxe5 11.fxe5 Ng4 12.Ne4 Ne3 13.Nd6+ Bxd6 14.exd6 Nf6 15.Nxd4 Qxd4
16.Bxe3 Qe5 17.Rae1 Be6 18.Qd2 Qxd6 19.Bf4 Qd5 20.Be5 O-O-O 21.Rxf6 gxf6
22.Bxf6 Qxa2 23.Bxh8 Rxh8 24.Qc3 Rd8 25.b3 Qa3 26.Ra1 Qd6 27.Rxa7 Qf4 28.Ra8+ Kd7
29.Rxd8+ Kxd8 30.Qa5+ Kd7 31.Qb6 Kc8 32.Qc5 h5 33.Qf8+ Kd7 34.Qc5 Bd5 35.Kg1 h4
36.Qf2 Qh6 37.Bf5+ Kc7 38.Qe2 Qf6 39.Bd3 Kd6 40.Qf2 Qg5 41.Bf1 f5 42.g3 Ke6
43.Qe1+ Be4 44.Bg2 hxg3 45.hxg3 c5 46.Qc3 Kd6 47.Bxe4 fxe4 48.Kf2 Qf5+ 49.Ke2 Qh5+
50.Kf2 Qh2+ 51.Kf1 Kc6 52.b4 b6 53.bxc5 bxc5 54.Qf6+ Kb5 55.Qc3 Qh1+ 56.Kf2 Qh2+
57.Kf1 Qh1+ 58.Kf2  1/2-1/2

[Event "CRO-chT"]
[Site "Pula"]
[Date "1999.09.11"]
[Round "3"]
[White "Arapovic, Vitomir"]
[Black "Kosanski, Stanko"]
[Result "1-0"]
[WhiteElo "2430"]
[BlackElo "2420"]

1.e4 d6 2.d4 Nf6 3.Nc3 c6 4.f4 Qa5 5.Bd3 d5 6.e5 Ne4 7.Ne2 f5 8.exf6 exf6
9.Bd2 Nxd2 10.Qxd2 Bd6 11.Qe3+ Kf7 12.Qf3 f5 13.O-O-O Na6 14.Kb1 g6 15.h3 h5
16.Nc1 Qc7 17.Bxa6 bxa6 18.Nd3 Rb8 19.Na4 Re8 20.Ne5+ Bxe5 21.fxe5 Kg7 22.Nc5 Rf8
23.Qf4 Qe7 24.h4 a5 25.Rh3 Rb4 26.Rg3 Kh7 27.c3 Rb5 28.e6 Rf6 29.Re1 Rf8
30.Nd3 Rb6 31.Rge3 Ba6 32.Nc5 Rfb8 33.b3 Bc8 34.Kb2 Rb5 35.Qg5 R5b7 36.Nxb7 Rxb7
37.Qxe7+ Rxe7 38.c4 Kg7 39.cxd5 cxd5 40.Re5 Bb7 41.Ka3 Bc6 42.Rc1 Bb7 43.Ka4 Kf6
44.Kxa5 Rxe6 45.Rxe6+ Kxe6 46.Rc7 Ba8 47.Ka6  1-0

[Event "CRO-chT"]
[Site "Pula"]
[Date "1999.09.17"]
[Round "8"]
[White "Kosanski, Stanko"]
[Black "Mrkonjic, Nenad"]
[Result "1-0"]
[WhiteElo "2420"]
[BlackElo "2331"]

1.e4 d6 2.d4 Nf6 3.Nc3 c6 4.f3 g6 5.Be3 b5 6.Qd2 Nbd7 7.g4 Nb6 8.b3 d5 9.e5 Ng8
10.a4 b4 11.Nd1 a5 12.Nf2 h5 13.Ne2 Bh6 14.Bxh6 Rxh6 15.Rc1 hxg4 16.fxg4 Nd7
17.c3 bxc3 18.Rxc3 Bb7 19.Nd3 e6 20.h3 Rh8 21.Bg2 Qh4+ 22.Kd1 Qd8 23.Rf1 Rh7
24.Nc5 Nxc5 25.Rxc5 Ne7 26.Rf3 Kf8 27.Nf4 Kg8 28.Kc1 Bc8 29.Bf1 Bd7 30.Bd3 Rg7
31.h4 Nc8 32.Rh3 Qb6 33.Bc2 Qb4 34.Qxb4 axb4 35.h5 Ne7 36.h6 Rh7 37.g5 Rh8
38.Rf3 Nf5 39.Bxf5 gxf5 40.Nh5 Kf8 41.Nf6 Ke7 42.h7 Ra6 43.Kd2 Be8 44.Ke3 Kf8
45.Rh3 Kg7 46.Rc1 Rb6 47.Rch1 Rb8 48.Rh6 Ra8 49.Nh5+ Kf8 50.Nf4 Rc8 51.Rf6 Kg7
52.g6  1-0

[Event "CRO-chT"]
[Site "Pula"]
[Date "1999.09.17"]
[Round "8"]
[White "Ljubicic, Filip"]
[Black "Golubovic, Boris"]
[Result "0-1"]
[WhiteElo "2370"]
[BlackElo "2457"]

1.e4 d6 2.d4 Nf6 3.Nc3 Nbd7 4.Nf3 e5 5.Be2 Be7 6.g4 exd4 7.Nxd4 Nc5 8.Bf3 O-O
9.Be3 Re8 10.g5 Nfd7 11.h4 c6 12.Be2 Bf8 13.Nf5 d5 14.exd5 Nb6 15.Ng3 Nxd5
16.Nxd5 cxd5 17.Qd2 Be6 18.O-O Qd7 19.Rfd1 Rad8 20.a4 a6 21.Qd4 Bf5 22.Nxf5 Qxf5
23.Bg4 Qg6 24.Bf3 Ne4 25.b4 Bd6 26.Kf1 Qf5 27.Bxe4 dxe4 28.Qb6 Qh3+ 29.Ke2 Qe6
30.h5 Qc4+ 31.Ke1 Bxb4+ 32.Bd2 Rxd2 33.Rxd2 Bxd2+ 34.Kxd2 Qd5+ 35.Ke2 Qxg5
36.h6 Qxh6 37.Rb1  0-1

[Event "Wch U20"]
[Site "Yerevan"]
[Date "1999.09.18"]
[Round "1"]
[White "Marcelin, Cyril"]
[Black "Aschenbrenner, Robert"]
[Result "1-0"]
[WhiteElo "2395"]
[BlackElo "2160"]

1.e4 d6 2.d4 Nf6 3.Nc3 c6 4.g3 Nbd7 5.a4 e5 6.Nge2 Be7 7.Bg2 Qc7 8.O-O h5
9.h3 Nf8 10.Be3 b6 11.f4 Ne6 12.d5 exf4 13.Nxf4 Nxf4 14.Bxf4 Bd7 15.Qe2 O-O
16.Kh1 Rfe8 17.Bg5 Qc8 18.dxc6 Bxh3 19.Bxf6 Bxg2+ 20.Kxg2 Bxf6 21.Rxf6 gxf6
22.Qxh5 Re5 23.Qh4 Rg5 24.Rh1 Kf8 25.Qh6+ Ke8 26.Qxf6 Rg8 27.Nd5 Qd8 28.Rh8  1-0

[Event "Wch U20 Girls"]
[Site "Yerevan"]
[Date "1999.09.18"]
[Round "1"]
[White "Jackova, Jana"]
[Black "Gasparian, Marinna"]
[Result "1-0"]
[WhiteElo "2233"]
[BlackElo "2075"]

1.e4 d6 2.d4 Nf6 3.Nc3 c6 4.Nf3 g6 5.Bf4 Bg7 6.h3 Nbd7 7.Qd2 Qa5 8.Bd3 e5
9.Bh2 O-O 10.O-O Re8 11.Rab1 b5 12.Rfe1 Qb6 13.Bf1 Bb7 14.b4 a6 15.a4 exd4
16.Nxd4 c5 17.bxc5 dxc5 18.Ndxb5 axb5 19.Bxb5 Bc6 20.e5 Nh5 21.Nd5 Qb7 22.e6 fxe6
23.Bc4 Qc8 24.Nc7 Kh8 25.Nxe8 Qxe8 26.Rxe6 Qc8 27.Rxc6  1-0

[Event "Wch U20"]
[Site "Yerevan"]
[Date "1999.09.20"]
[Round "3"]
[White "Korstin, Maris"]
[Black "Aschenbrenner, Robert"]
[Result "1-0"]
[WhiteElo "2201"]
[BlackElo "2160"]

1.e4 d6 2.d4 Nf6 3.Nc3 c6 4.g3 Bg4 5.Qd3 Qa5 6.Bd2 Qc7 7.Bg2 Na6 8.a3 e5
9.h3 Bd7 10.Nf3 g6 11.O-O-O b5 12.Bg5 Bg7 13.dxe5 dxe5 14.Qd6 Ng8 15.Nxb5 cxb5
16.Qxa6 f6 17.Be3 Bf8 18.Rd3 b4 19.axb4 Bxb4 20.Rxd7 Qxd7 21.Rd1 Qc8 22.Qb5+ Kf7
23.Qxb4 Ne7 24.Bf1 Qc7 25.Qc4+  1-0

[Event "Wch U20 Girls"]
[Site "Yerevan"]
[Date "1999.09.23"]
[Round "6"]
[White "Redondo Arguelles, Graciela"]
[Black "Nill, Jessica"]
[Result "1-0"]
[WhiteElo "2067"]
[BlackElo "2168"]

1.e4 d6 2.d4 Nf6 3.Nc3 Nbd7 4.Nf3 e5 5.Bc4 Be7 6.O-O O-O 7.Re1 c6 8.a4 Qc7
9.h3 b6 10.b3 a6 11.Qd2 Rb8 12.Bb2 b5 13.axb5 axb5 14.Bd3 exd4 15.Nxd4 Nc5
16.Nd1 Re8 17.Nf3 Nxd3 18.Qxd3 Nd7 19.Ne3 Nc5 20.Qd4 Bf8 21.Nf1 Re6 22.Ng3 f6
23.Nh4 Qf7 24.Rad1 Qe8 25.Nhf5 d5 26.Nxg7 Kxg7 27.Qe3 Qg6 28.Nh5+ Kf7 29.Nf4 Qxe4
30.Nxe6 Qxe3 31.Nd8+ Ke8 32.Nxc6 Qxe1+ 33.Rxe1+ Kd7 34.Nxb8+ Kc7 35.Bxf6 Kxb8
36.Re8 Nd7 37.Be7 Bg7 38.Bd6+ Kb7 39.Re7 Bf8 40.Rxd7+ Bxd7 41.Bxf8 d4 42.Bc5 Bf5
43.Bxd4 Bxc2 44.b4 Kc6 45.f3 Kd5 46.Bc5 Ke5 47.Kf2 h5 48.Kg3 Kf5 49.Kh4 Kg6
50.g4 hxg4 51.hxg4 Bd1 52.f4 Be2 53.f5+ Kf7 54.g5 Kg7 55.Kg3 Bd3 56.Kf4  1-0

[Event "Wch U20 Girls"]
[Site "Yerevan"]
[Date "1999.09.23"]
[Round "6"]
[White "Vo Hong Phuong"]
[Black "Gasparian, Marinna"]
[Result "1/2-1/2"]
[WhiteElo "2226"]
[BlackElo "2075"]

1.e4 d6 2.d4 Nf6 3.Nc3 e5 4.Nf3 Nbd7 5.h3 Be7 6.Be3 c6 7.a4 b6 8.Bc4 O-O
9.O-O Qc7 10.Re1 Bb7 11.Ba2 Rae8 12.dxe5 dxe5 13.Qe2 a5 14.Rad1 Nc5 15.Bg5 h6
16.Bh4 Nh5 17.Bxe7 Qxe7 18.Bc4 Nf4 19.Qe3 Rd8 20.b3 Bc8 21.Rxd8 Rxd8 22.Rd1 Rxd1+
23.Nxd1 Qd6 24.Nd2 Qg6 25.Qg3 Qd6 26.Qc3 Nxe4 27.Nxe4 Qxd1+ 28.Kh2 Qd4 29.Qxd4 exd4
30.Nd6 Be6 31.Bxe6 fxe6 32.Kg3 Nd5 33.Kf3 Kf8 34.Ke4 Ke7 35.Nc4 c5 36.g3 g5
37.Kd3 Kf6 38.Ke4  1/2-1/2